000 00451nab a2200145Ia 4500
003 ES-SlBCS
005 20210601125501.0
008 140529s1996 xxu||||| |||| 00| 0 eng d
041 _aeng
100 1 _aAnnas, Julia
_9151423
245 0 0 _aAristotle on Human Nature and Political Virtue
_c Julia Annas
600 0 4 _aAristóteles
_tPolítica
_9125937
773 0 _tReview of Methaphysics
_gvol. 49/4, nº. 196, 1996, págs. 731-753
_wRev843
942 _cAR
999 _c531076
_d531076